000 00350nam a2200145Ia 4500
008 230917s9999||||xx |||||||||||||| ||und||
040 _e38172
_aMAIN
041 _aEnglish
082 _a658.3 P88H
100 _aPrabhakara Rao, D
245 0 _aHuman resource accounting
260 _aNew Delhi
_bInter-India
_c1986
300 _a247 p.
942 _cBK
999 _c57809
_d57809